Responses for Show #1528 - Wednesday, April 3, 1991

Contestants

[<< previous game]

Marilyn Goldwater, a school psychologist from Horsham, Pennsylvania

Michael Carroll, a lawyer from Morristown, New Jersey

Scott Rand, a podiatrist from Marlton, New Jersey (whose 1-day cash winnings total $10,601)

[next game >>]

Jeopardy! Round responses

"C" IN COOKING
LATIN AMERICAN HISTORY
THE OLYMPICS
DIAMONDS
LYRICISTS
COMMON BONDS
    $100 1
a cucumber

Scott
    $100 25
Magellan

Marilyn
    $100 13
(Muhammad) Ali

Scott
    $100 6
Queen Victoria

Michael
    $100 15
Love

Marilyn
    $100 8
Hills

Michael
    $200 2
chiffon

Marilyn
    $400 27
Spain & Portugal

Marilyn
    $200 14
Jean-Claude Killy

Marilyn
    $200 7
France

Scott
    $200 16
(Marilyn: Who is Stephen Sondheim?)

(Alan Jay) Lerner

MichaelMarilyn
    $200 9
stamps

Marilyn
    $300 3
a clam

Marilyn
    $300 28
Isabel Peron

Marilyn
    $300 18
Berlin

Marilyn
    $300 17
South Africa

Scott
    $300 21
Tom Jones

Marilyn
    $300 10
tents

Scott
    $400 4
a cherry

Scott
    $400 29
Santa Anna

Michael
    $400 23
bicycling

Scott
    $400 19
(Michael: What is the Hope Diamond?)

Cullinan Diamond

Michael
Triple Stumper
    $400 22
Yip

Scott
    $400 11
blocks

Marilyn
    $500 5
a cutlet

Marilyn
    $500 30
Hispaniola

Scott
    $500 24
(Marilyn: Who is Jesse Owens?)

Jim Thorpe

MichaelMarilyn
    $500 20
Shah Jahan

Triple Stumper
    $500 26
(Adolph) Green

Marilyn
    $500 12
a party

Scott

Scores at the first commercial break (after clue 17):

Scott Michael Marilyn
$1,900 $400 $1,700

Scores at the end of the Jeopardy! Round:

Scott Michael Marilyn
$3,200 $900 $3,100

Double Jeopardy! Round responses

THE CONSTITUTION
SCIENTISTS
GEOGRAPHY
FAMILIAR PHRASES
BRITISH ROYALTY
CLERGYMEN IN LITERATURE
    $200 1
the 1st

Marilyn
    $200 2
Luther Burbank

Marilyn
    $200 16
Romania

Michael
    $200 11
your birthday suit

Marilyn
    $200 18
Princess Di

Scott
    $200 26
(Scott: Who is Abelard & Heloise?)

Romeo & Juliet

ScottMarilyn
    $400 4
(Marilyn: What is a superior court?)

the Supreme Court

MichaelMarilyn
    $400 3
Marie Curie

Michael
    $400 17
Liberia

Marilyn
    $400 12
spinning (turning over) in your grave

Michael
    $400 22
Queen Anne

Triple Stumper
    $400 27
Michelangelo

Marilyn
    $600 5
the number of congressmen

Michael
    $600 7
Salk & Sabin

Michael
    $600 19
Nepal

Scott
    $600 13
burning the midnight oil

Scott
    $600 23
King George III

Michael
    $600 28
Rabbi

Scott
    $800 6
three-quarters

Marilyn
    $800 9
Kelvin

Scott
    $600 20
(Scott: What is the Dead Sea?)
(Alex: No, sorry. It's when they damned the Nile, the Aswan High Dam, and created [*].)

Lake Nasser

Scott
    $800 14
Mardi Gras

Marilyn
    $800 24
(Scott: Who is James I)?

Charles II

Scott
Triple Stumper
    $800 29
(Michael: Who is Babbitt?)

Elmer Gantry

MichaelMarilyn
    $1000 8
a bill of attainder

Michael
    $1000 10
celluloid

Triple Stumper
    $1000 21
the North Sea

Michael
    $1000 15
to cross the Rubicon

Michael
    $1000 25
Queen Mary

Michael
    $700 30
Lost Horizon

Marilyn

Scores at the end of the Double Jeopardy! Round:

Scott Michael Marilyn
$4,400 $7,300 $7,400

[wagering suggestions for these scores]

Final Jeopardy! Round responses

U.S. CURRENCY
(Alex: We know that the presidents are Washington, Jefferson, Lincoln and U.S. Grant.)
ScottWho are Ben Franklin & Chase?
$100
MichaelWho are Hamilton & Franklin
$7,300
MarilynWho are Hamilton & Franklin?
$7,201
Hamilton & Franklin

Final scores:

Scott Michael Marilyn
$4,300 $14,600 $14,601
3rd place: Samsung 27" TV & Nintendo Entertainment System with Wheel of Fortune, Jeopardy! & Fisher Price preschool games + Wheel of Fortune for Game Boy 2nd place: trip on Malaysia Airlines to Singapore & stay at Mandarin Singapore New champion: $14,601

Game dynamics:

Coryat scores:

Scott Michael Marilyn
$5,000 $7,300 $7,500
15 R,
3 W
(including 1 DD)
16 R,
2 W
23 R
(including 2 DDs),
3 W

Combined Coryat: $19,800

[game clues] [game scores] [suggest correction]

Game tape date: 1991-02-11
The J! Archive is created by fans, for fans. Scraping, republication, monetization, and malicious use prohibited; this site may use cookies and collect identifying information. See terms. The Jeopardy! game show and all elements thereof, including but not limited to copyright and trademark thereto, are the property of Jeopardy Productions, Inc. and are protected under law. This website is not affiliated with, sponsored by, or operated by Jeopardy Productions, Inc. Join the discussion at JBoard.tv.